LEADER 01966nam 22004213 450 001 9910165091303321 005 20230220084621.0 010 $a1-78543-520-5 035 $a(CKB)3710000001065362 035 $a(MiAaPQ)EBC7197372 035 $a(Au-PeEL)EBL7197372 035 $a(BIP)067019145 035 $a(OCoLC)974333224 035 $a(EXLCZ)993710000001065362 100 $a20230220d2015 uy 0 101 0 $aeng 135 $aurcnu|||||||| 181 $ctxt$2rdacontent 182 $cc$2rdamedia 183 $acr$2rdacarrier 200 12$aA Charming Fellow $eIn Three Volumes 210 1$aLondon :$cCopyright Group,$d2015. 210 4$dİ2015. 215 $a1 online resource (314 pages) 330 8 $aFrances Eleanor Trollope, nee Ternan, was born in August 1835 on board a paddle steamer in Delaware Bay in the United States. After an introduction by Charles Dickens she became the governess to the child of Thomas Adolphus Trollope, the brother to the more famed Anthony. Within months they had married and settled on a new life together in Rome. It was from here that Frances elevated her talents to become a full member of the Trollope writing dynasty. Her fiction is peopled by eccentric cosmopolitan Londoners, Italian and French visitors, and motherless, bright, and educated young women trying to carve out niches for themselves within the boundaries of the middle and upper-middle classes, with varying degrees of success. Although her work was fashionable at the time it fell into obscurity after her death but is now becoming the subject of growing interest and deservedly so. 517 $aCharming Fellow 606 $aClassics 606 $aSagas 615 0$aClassics. 615 0$aSagas. 700 $aTrollope$b Frances Eleanor$01276885 801 0$bMiAaPQ 801 1$bMiAaPQ 801 2$bMiAaPQ 906 $aBOOK 912 $a9910165091303321 996 $aA Charming Fellow$93009438 997 $aUNINA